Statistics for Fifty largest cities in Sweden

Click here to take the quiz!

General Stats

  • This quiz has been taken 77 times
  • The average score is 22 of 50

Answer Stats

RankPopulation 2020-12-31City (kommun)% Correct
1975 551Stockholm
100%
3347 949Malmö
95%
2583 056Göteborg
95%
8149 280Helsingborg
82%
4233 839Uppsala
82%
9143 478Norrköping
77%
10142 427Jönköping
73%
6156 381Örebro
68%
11130 224Umeå
64%
5164 616Linköping
64%
7155 551Västerås
59%
12125 941Lund
59%
2978 549Luleå
59%
2394 828Karlstad
59%
18102 904Gävle
55%
3763 985Östersund
55%
4059 528Falun
50%
2194 859Växjö
50%
15106 975Eskilstuna
50%
13113 714Borås
50%
17103 754Halmstad
45%
3566 515Karlskrona
45%
3370 329Kalmar
45%
2099 439Sundsvall
45%
4257 071Nyköping
41%
3960 124Gotland
41%
19100 111Södertälje
36%
3272 755Täby
36%
4555 807Örnsköldsvik
36%
4159 249Trollhättan
36%
3172 840Skellefteå
32%
4456 787Uddevalla
32%
2586 217Kristianstad
32%
2294 847Botkyrka
32%
4752 394Borlänge
27%
2783 162Solna
27%
3665 397Varberg
27%
2493 690Haninge
27%
4852 010Hässleholm
23%
4949 537Sigtuna
23%
4356 791Skövde
23%
2684 930Kungsbacka
23%
3863 673Norrtälje
23%
3469 901Mölndal
23%
16106 505Nacka
23%
3073 990Sollentuna
18%
14113 234Huddinge
18%
5048 678Tyresö
14%
4652 801Sundbyberg
9%
2881 274Järfälla
9%

Score Distribution

Percentile by Number Answered

Percent of People with Each Score

Your Score History

You have not taken this quiz